000 00306nam a22001337a 4500
008 181126b xxu||||| |||| 00| 0 eng d
020 _a9781585913725
041 _aeng
080 _a510
100 _a37
101 _aMAT
245 _aMath Connections Advanced Algebra
_cWood.e..e
942 _2udc
_cBK
999 _c52490
_d52490